Nick of time / (Record no. 679)

MARC details
000 -LEADER
fixed length control field 02886nam a22005537a 4500
005 - DATE AND TIME OF LATEST TRANSACTION
control field 20231204142109.0
020 ## - INTERNATIONAL STANDARD BOOK NUMBER
International Standard Book Number 9780312380687
020 ## - INTERNATIONAL STANDARD BOOK NUMBER
International Standard Book Number 9780545312578
020 ## - INTERNATIONAL STANDARD BOOK NUMBER
International Standard Book Number 0312380682
040 ## - CATALOGING SOURCE
Original cataloging agency DLC
Transcribing agency DLC
Modifying agency IG#
-- BTCTA
-- BAKER
-- YDXCP
-- EHH
-- LCS
-- OCLCG
-- VP@
-- OCLCA
-- CQU
-- BGTON
-- EXW
-- DLC
-- FISKH
Language of cataloging eng
050 00 - LIBRARY OF CONGRESS CALL NUMBER
Classification number PS3602.E6455
Item number N53 2008
050 #4 - LIBRARY OF CONGRESS CALL NUMBER
Classification number PZ7.B41175
Item number Ni 2008
082 00 - DEWEY DECIMAL CLASSIFICATION NUMBER
Classification number 813/.6
Edition number 22
100 1# - MAIN ENTRY--PERSONAL NAME
Personal name Bell, Ted.
245 10 - TITLE STATEMENT
Title Nick of time /
Statement of responsibility, etc. Ted Bell.
250 ## - EDITION STATEMENT
Edition statement First Scholastic printing, November 2010
260 ## - PUBLICATION, DISTRIBUTION, ETC.
Place of publication, distribution, etc. New York :
Name of publisher, distributor, etc. Scholastic,
Date of publication, distribution, etc. 2000.
300 ## - PHYSICAL DESCRIPTION
Extent x, 434 pages, 1 unnumbered page :
Dimensions 20 cm.
505 0# - FORMATTED CONTENTS NOTE
Formatted contents note U
505 0# - FORMATTED CONTENTS NOTE
Formatted contents note The jaws of Gravestone Rock -- The secret drawer -- Nazis in the strawberry patch -- The sea chest -- The dark cave -- Billy Blood -- Two terrible letters -- A council of war -- The Leviathan -- The Nantucket sleigh ride -- The electrified lagoon -- The Chinese butler -- Captain Thor's surprise -- Lord Hawke's tea party -- The mystery of time -- The Tempus Machina -- Captain Mciver's letter -- Das Kapitan's cabbages -- Tempus et locus -- Pigs and stowaways -- A bump in the night -- In the pigsty -- A skirmish in the dark -- Captain Mciver's cannonball -- The windowless submarine -- In the nick of time -- Kate saves the day -- A landlubber aloft -- Spies for sale -- In the sick bay -- The fully hatched scheme -- The Spanish masquerade -- Nazis in Hawke Lagoon -- Snake Eye and the Kingdom of Lost Children -- Merlin victorious -- A glorious farewell -- Landing at Hawke Field -- Churchill after dinner -- Epilogue -- Postscript.
520 ## - SUMMARY, ETC.
Summary, etc. Nick McIver is no ordinary boy, fighting pirates, beating Nazis at their own game, and traveling through time.
521 ## - TARGET AUDIENCE NOTE
Target audience note 950 <br/>
Source Lexile
521 ## - TARGET AUDIENCE NOTE
Target audience note U <br/>
Source Raz-Plus
650 #0 - SUBJECT ADDED ENTRY--TOPICAL TERM
Topical term or geographic name entry element Boys
Geographic subdivision Channel Islands
Form subdivision Fiction.
650 #0 - SUBJECT ADDED ENTRY--TOPICAL TERM
Topical term or geographic name entry element World War, 1939-1945
Geographic subdivision Channel Islands
Form subdivision Fiction.
650 #0 - SUBJECT ADDED ENTRY--TOPICAL TERM
Topical term or geographic name entry element Pirates
Form subdivision Fiction.
650 #0 - SUBJECT ADDED ENTRY--TOPICAL TERM
Topical term or geographic name entry element Kidnapping
Form subdivision Fiction.
650 #0 - SUBJECT ADDED ENTRY--TOPICAL TERM
Topical term or geographic name entry element Rescues
Form subdivision Fiction.
650 #0 - SUBJECT ADDED ENTRY--TOPICAL TERM
Topical term or geographic name entry element Time travel
Form subdivision Fiction.
650 #0 - SUBJECT ADDED ENTRY--TOPICAL TERM
Topical term or geographic name entry element Napoleonic Wars, 1800-1815
Form subdivision Fiction.
650 #0 - SUBJECT ADDED ENTRY--TOPICAL TERM
Topical term or geographic name entry element Napoleonic Wars, 1800-1815
Form subdivision Juvenile fiction.
Source of heading or term sears
650 #0 - SUBJECT ADDED ENTRY--TOPICAL TERM
Topical term or geographic name entry element Pirates
Form subdivision Juvenile fiction.
Source of heading or term sears
650 #0 - SUBJECT ADDED ENTRY--TOPICAL TERM
Topical term or geographic name entry element Kidnapping
Form subdivision Juvenile fiction.
Source of heading or term sears
650 #0 - SUBJECT ADDED ENTRY--TOPICAL TERM
Topical term or geographic name entry element Time travel
Form subdivision Juvenile fiction.
Source of heading or term sears
650 00 - SUBJECT ADDED ENTRY--TOPICAL TERM
Topical term or geographic name entry element Fantasy fiction
Form subdivision Juvenile fiction.
Source of heading or term sears
650 #1 - SUBJECT ADDED ENTRY--TOPICAL TERM
Topical term or geographic name entry element World War, 1939-1945
Geographic subdivision Channel Islands
Form subdivision Fiction.
650 #1 - SUBJECT ADDED ENTRY--TOPICAL TERM
Topical term or geographic name entry element Napoleonic Wars, 1800-1815
Form subdivision Fiction.
650 #1 - SUBJECT ADDED ENTRY--TOPICAL TERM
Topical term or geographic name entry element Pirates
Form subdivision Fiction.
650 #1 - SUBJECT ADDED ENTRY--TOPICAL TERM
Topical term or geographic name entry element Kidnapping
Form subdivision Fiction.
650 #1 - SUBJECT ADDED ENTRY--TOPICAL TERM
Topical term or geographic name entry element Rescues
Form subdivision Fiction.
650 #1 - SUBJECT ADDED ENTRY--TOPICAL TERM
Topical term or geographic name entry element Time travel
Form subdivision Fiction.
650 #1 - SUBJECT ADDED ENTRY--TOPICAL TERM
Topical term or geographic name entry element Adventure and adventurers
Form subdivision Fiction.
650 #1 - SUBJECT ADDED ENTRY--TOPICAL TERM
Topical term or geographic name entry element Fantasy.
655 #7 - INDEX TERM--GENRE/FORM
Genre/form data or focus term Adventure fiction.
Source of term gsafd
655 #7 - INDEX TERM--GENRE/FORM
Genre/form data or focus term Fantasy fiction.
Source of term gsafd
906 ## - LOCAL DATA ELEMENT F, LDF (RLIN)
a 7
b cbc
c orignew
d 1
e ecip
f 20
g y-gencatlg
942 ## - ADDED ENTRY ELEMENTS (KOHA)
Source of classification or shelving scheme Dewey Decimal Classification
Koha item type Books
Suppress in OPAC No
999 ## -
-- 679
-- 679
Holdings
Withdrawn status Lost status Source of classification or shelving scheme Damaged status Not for loan Collection Home library Current library Shelving location Date acquired Total Checkouts Full call number Barcode Date last seen Price effective from Koha item type
    Dewey Decimal Classification     Juvenile Fiction Footprints International School Library Network Toul Kork Campus Footprints International School Library Network Toul Kork Campus   06/29/2023   BEL Fic PS3602.E6455 FISSE01149 06/29/2023 06/29/2023 Books